| 000 | 00434nam a2200169Ia 4500 | ||
|---|---|---|---|
| 005 | 20250603145743.0 | ||
| 008 | 250603s9999 xx 000 0 und d | ||
| 020 | _a9781847240873 | ||
| 050 | _aPN 6122 .S64/ | ||
| 245 | 0 | _aSpeeches that changed the world : the words and stories of the moments that made history | |
| 260 | _aLondon | ||
| 260 | _bQuercus | ||
| 260 | _c2007 | ||
| 300 | _a224 p | ||
| 650 | _aLondon | ||
| 942 | _cBK | ||
| 999 |
_c42755 _d42755 |
||